[Event "ROM-ch U10"]
[Site "Calimanesti Caciulata"]
[Date "2019.04.17"]
[Round "3"]
[White "Filip, Gabriel"]
[Black "Coicev, Matei Andrei"]
[Result "0-1"]
[WhiteElo "1056"]
[BlackElo "1477"]
[PlyCount "62"]
[EventDate "2019.04.15"]
[EventType "swiss"]
[EventRounds "9"]
[EventCountry "ROU"]
[SourceTitle "CBM 190 Extra"]
[Source "ChessBase"]
[SourceDate "2019.07.15"]
[SourceVersion "1"]
[SourceVersionDate "2019.07.15"]
[SourceQuality "1"]

1. e4 c5 2. Nf3 g6 3. d4 cxd4 4. Nxd4 Bg7 5. Nc3 Nc6 6. Be3 Nf6 7. Nxc6 bxc6 8. e5 Ng8 9. f4 Nh6 10. Qd2 Nf5 11. Bf2 d5 12. g4 Nh6 13. h3 f6 14. 0-0-0 fxe5 15. fxe5 Nf7 16. Bg2 Nxe5 17. Nxd5 e6 18. Bh4 Qxh4 19. Nc7+ Kf8 20. Rhf1+ Nf7 21. Nxa8 Bh6 22. Rf4 e5 23. g5 Qxf4 24. Qxf4 exf4 25. gxh6 Ke7 26. h4 Bg4 27. Re1+ Kd6 28. Bxc6 Kxc6 29. Re7 Rf8 30. Nc7 Kd6 31. Ne6 Bxe6 0-1